An outline of contemporary drama /

Bibliographic Details
Main Author: Dickinson, Thomas Herbert, 1877-
Format: Book
Language:English
Published: Boston, New York [etc.] : Houghton Mifflin company, [1927]
Subjects:

MARC

Tag First Indicator Second Indicator Subfields
LEADER 00000cam a2200000 4500
001 in00000033562
005 20151007061857.0
008 720612s1927 mau b 00010 eng u
010 |a  27005321  
035 |a (OCoLC)00330263 
035 |9 AAD3348AM 
040 |c WSU  |d TXA  |d UtOrBLW 
049 |a TXAM  |c [420493] 
050 0 |a PN1851  |b .D5 
092 |a 808.2  |b D55o 
100 1 |a Dickinson, Thomas Herbert,  |d 1877- 
245 1 3 |a An outline of contemporary drama /  |c by Thomas H. Dickinson. 
264 1 |a Boston,  |a New York [etc.] :  |b Houghton Mifflin company,  |c [1927] 
264 4 |c [©1927] 
300 |a vii pages, 2 ., 3-298 pages, 1 unnumbered page ;  |c 20 cm. 
336 |a text  |b txt  |2 rdacontent 
337 |a unmediated  |b n  |2 rdamedia 
338 |a volume  |b nc  |2 rdacarrier 
504 |a "Books for general reference": pages 285-[287]; "Books for reference" at end of each chapter except the last. 
650 0 |a Drama  |y 19th century  |x History and criticism. 
650 0 |a Drama  |y 20th century  |x History and criticism. 
999 |a MARS 
999 f f |s 9a8dbfb1-fc61-3c4f-a1bf-218070fbb0db  |i acc7479f-833c-3a03-9b4e-f50eafed18fc  |t 0 
952 f f |p ric  |a Texas A&M University  |b Rellis Campus  |c Joint Library Facility  |d Remote Storage  |t 0  |e PN1851 .D5  |h Library of Congress classification  |i unmediated -- volume  |m A14801197378 
998 f f |a PN1851 .D5  |t 0  |l Remote Storage